| 000 | 004440000a22001810004500 | ||
|---|---|---|---|
| 003 | MACL | ||
| 005 | 20150826155821.0 | ||
| 008 | 150826b xxu||||| |||| 00| 0 eng d | ||
| 040 |
_aMACL _cMACL |
||
| 041 | _aEnglish | ||
| 082 | _a790/VAS | ||
| 100 |
_aVasudev, Aruna _97659 |
||
| 245 |
_aFrames Of mind _bReflection On Indian Cinema |
||
| 260 |
_bUBS Publishers _c1995 _aDelhi |
||
| 350 | _a295 | ||
| 650 |
_aArts _97660 |
||
| 942 |
_cBK _k790 _2ddc |
||
| 999 |
_c2491 _d2491 |
||